000 00332nam a22001457a 4500
008 211018b ||||| |||| 00| 0 eng d
020 _a0262630869
041 _aeng
080 _a574
082 _a574
100 _a9
101 _aMJE
245 _aThe Ecology of Fossils an illustrated guide
_cMcKerrow,W.S
942 _2udc
_cBK
999 _c58243
_d58243